PRINCIPLES OF DENTAL PHARMACOLOGY (Record no. 3500)

MARC details
000 -LEADER
fixed length control field 00368nam a2200145Ia 4500
008 - FIXED-LENGTH DATA ELEMENTS--GENERAL INFORMATION
fixed length control field 150201s2006 xx 000 0 und d
082 ## - DEWEY DECIMAL CLASSIFICATION NUMBER
Classification number 615
Item number P2006K
100 ## - MAIN ENTRY--PERSONAL NAME
Personal name KHANNA,N.K.
245 ## - TITLE STATEMENT
Title PRINCIPLES OF DENTAL PHARMACOLOGY
250 ## - EDITION STATEMENT
Edition statement 2ND
260 ## - PUBLICATION, DISTRIBUTION, ETC. (IMPRINT)
Name of publisher, distributor, etc. C.B.S PUBLISHERS & DISTRIBUTERS
Place of publication, distribution, etc. DELHI
Date of publication, distribution, etc. 2006
300 ## - PHYSICAL DESCRIPTION
Extent 1-387
650 ## - SUBJECT ADDED ENTRY--TOPICAL TERM
Topical term or geographic name as entry element PHARMACOLOGY
942 ## - ADDED ENTRY ELEMENTS (KOHA)
Source of classification or shelving scheme Dewey Decimal Classification
Koha item type Books
Holdings
Withdrawn status Lost status Source of classification or shelving scheme Damaged status Not for loan Home library Current library Date acquired Source of acquisition Cost, normal purchase price Serial Enumeration / chronology SGTU Bill Number Total Checkouts Full call number Barcode Date last seen Date last checked out Bill Date Koha item type
    Dewey Decimal Classification     SGT Dental Library SGT Dental Library 16/02/2006 U.B.S.DELHI 230.00 1 SGTU 988 1 615 P2006K FD3941 21/09/2017 21/09/2017 30/07/2012 Books
    Dewey Decimal Classification     SGT Dental Library SGT Dental Library 16/02/2006 U.B.S.DELHI 230.00 1 SGTU 988   615 P2006K FD3942 09/02/2015   30/07/2012 Books
    Dewey Decimal Classification     SGT Dental Library SGT Dental Library 16/02/2006 U.B.S.DELHI 230.00 1 SGTU 988   615 P2006K FD3943 09/02/2015   30/07/2012 Books
    Dewey Decimal Classification     SGT Dental Library SGT Dental Library 16/02/2006 U.B.S.DELHI 230.00 1 SGTU 988 1 615 P2006K FD3944 31/07/2021 31/07/2021 30/07/2012 Books
    Dewey Decimal Classification     SGT Dental Library SGT Dental Library 16/02/2006 U.B.S.DELHI 230.00 1 SGTU 988   615 P2006K FD3945 09/02/2015   30/07/2012 Books